El secreto de la piramide / (Registro nro. 10317)

Detalles MARC
000 -LIDER
fixed length control field 00788nam a22002657a 4500
001 - NÚMERO DE CONTROL
Identificador de número de control 00501
003 - IDENTIFICACDOR DE NÚMERO DE CONTROL
control field DO-SdBNP
005 - DATE AND TIME OF LATEST TRANSACTION
control field 20180207105239.0
007 - CAMPOS FIJOS DE DESCRIPCIÓN FÍSICA
fixed length control field 00501
008 - ELEMENTOS DE LONGITUD FIJA
fixed length control field 160608b sp 1985||||| |||| 00| 0 spa d
020 ## - ISBN
International Standard Book Number 8486311241
040 ## - FUENTE DE CATALOGACIÓN
Agencia que crea de manera original el registro BPMSU
Idioma de catalogación spa
Agencia que realiza la transcripción BPMSU
092 ## - LOCALLY ASSIGNED DEWEY DECIMAL CALL NUMBER
Número de clasificación xxxxxxx
Número de ítem (Cutter) xxxxxxx
100 1# - ASIENTO PRINCIPAL -- NOMBRE PERSONAL
Nombre personal Arnold, Alan
245 13 - MENCIÓN DE TITULO
Título El secreto de la piramide /
Mención de responsabilidad Alan Arnold ; traducción Jordi Fibla
260 ## - PUBLICACIÓN, DISTRIBUCIÓN, ETC. (PIE DE IMPRENTA)
Lugar de publicación, distribución, etc Barcelona :
Nombre del editor, distribuidor, etc. Versal,
Fecha de publicación, distribución, etc 1985.
300 ## - DESCRIPCIÓN FÍSICA
Extensión 171 p. :
Dimensiones 21 cm.
490 1# - MENCIÓN DE SERIES
Mención de serie Best seller senator
500 ## - NOTA GENERAL
Materiales especificados El extraordinario film sobre la primera aventura de "El joven Sherlock Holmes"
700 1# - ASIENTO SECUNDARIO -- NOMBRE PERSONAL
Nombre personal Fibla, Jordi,
Mención de responsabilidad tr.
830 #0 - ASIENTO SECUNDARIO DE SERIE--TÍTULO UNIFORME
Título uniforme Best seller senator
942 ## - ADDED ENTRY ELEMENTS (KOHA)
Source of classification or shelving scheme Dewey Decimal Classification
Koha item type Libros
945 ## - INFORMACIÓN DE PROCESAMIENTO LOCAL
Información de procesamiento local inventariado, 2018 / dg
956 ## - LOCAL ELECTRONIC LOCATION AND ACCESS (OCLC)
Nombre de host BTAVÄREZ
Número de acceso 10
Información de compresión 06082016
Trayectoria 00501
Existencias
Withdrawn status Lost status Source of classification or shelving scheme Damaged status Not for loan Home library Current library Date acquired Source of acquisition Total Checkouts Barcode Date last seen Price effective from Koha item type
    Dewey Decimal Classification     Biblioteca Pública Metropolitana Salomé Ureña Biblioteca Pública Metropolitana Salomé Ureña 06/08/2016 Donación   BPMSU16060109 06/08/2016 06/08/2016 Libros